Dates Histoire Moderne - Statistiques

Statistiques générales
  • Ce quiz a été pris 68 fois
  • Le résultat moyen est 13 sur 84
Statistiques - réponses
Hint Réponse % Correct
Bataille de Marignan/Avènement de François 1er 1515
92%
Charles Quint élu empereur 1519
53%
Massacres de la St Barthélemy 1572
53%
Concordat de Bologne 1516
49%
Edit de Nantes, Traité de Vervins 1598
47%
Affaire des placards 1534
43%
Ordonnace de Villers-Cotterêts 1539
39%
Edit de St Germain : relative liberté du culte réformé, Massacre de Wassy : début des guerres civiles 1562
35%
Révolution française 1789
35%
Avènement de Charles IX, Régence de Catherine de Médicis, Etats généraux d'Orléans 1560
33%
Clôture du concile de Trente 1563
33%
Siège de Paris ligueur, Assassinat d'Henri III, Avènement d'Henri IV 1589
31%
Assassinat d'Henri IV par François Ravaillac, Avènement de Louis XIII, Régence de Marie de Médicis 1610
31%
Traité de Munster dans le cadre des traités de Westphalie, La Fronde jusqu'en 1653 1648
31%
Avènement d'Henri II 1547
29%
Paix du Cateau-Cambrésis, premier synode national calviniste, Avènement de François II 1559
29%
Avènement d'Henri III 1574
29%
Jean CALVIN: Christanae Religionis Institutio 1536
27%
Sacre d'Henri IV à Chartres, Entrée du roi à Paris 1594
27%
Création du trésir de l'Epargne 1523
24%
Etats généraux de Blois, Jean BODIN : Les six livres de la République 1576
20%
Henri de Navarre devient l'héritier de la couronne, La Ligue 1584
20%
Siège de La Rochelle 1628
20%
Edit de Cognac créant seize généralités 1542
18%
Contrat de Poissy entre l'église de France et la couronne 1561
18%
Etats généraux de la Ligue à Paris, Abjuration du roi Henri IV 1593
18%
Avènement de Louis XIV, Régence d'Anne d'Autriche qui appelle le cardinal Mazarin comme ministre principal, Victoire de Condé à Rocroi 1643
18%
Edit de Fontainebleau révoquant l'Edit de Nantes, Exil clandestin d'une partie des réformés vers les pays du Refuge 1685
18%
Edit de Fontainebleau conférant la répression de l'hérésie aux parlements 1540
16%
Edit de Chateaubriant contre les protestants 1551
16%
Prises d'armes des Grands, Etats généraux de Paris jusqu'en 1615 1614
16%
Guerre "de la mère et du fils", Le parti huguenot (protestant) choisit la guerre 1620
16%
Le cardinal de Richelieu devient chef su conseil du roi 1624
16%
Traité des Pyrénées qui clôt la guerre contre l'Espagne 1659
16%
Création des présidiaux 1552
14%
Journées des barricades à Paris, Etats généraux de Blois 1588
14%
Journée des Dupes 1630
14%
Début du gouvernement personnel de Louis XIV, Chute de Fouquet et de son réseau remplacé par Colbert et sa clientèle 1661
14%
Avènement de Louis XV, Régence de Philippe d'Orléans, Polysynodie 1715
14%
Guerre de Sept Ans (Traité de Paris, 1763) 1756
14%
Calonne, contrôleur général des finances 1783
14%
Louis XIV obtient du pape la bulle Ungenitus contre les jansénistes 1713
12%
Déclaration royale sur la libre circulation des grains, Echec d'un projet de cadastre 1763
12%
L'esprit des Lois de Montesquieu 1748
10%
Annonce de la convocation des Etats généraux pour le premier mai 1789 1788
10%
Entrée dans la guerre de Trente Ans (1618-1648), Installation des intendants, La "dictature fiscale", Début des révoltes populaires 1635
8%
Création des compagnies des Indes occidentales et orientales 1664
8%
Effondrement du "Système" de Law, Déclaration royale en faveur de la bulle Ungenitus 1720
8%
Disgrâce de Turgot, Necker, directeur du trésor royal 1776
8%
Edit de Nîmes supprimant les privilèges politiques et militaires des huguenots (protestants) 1629
6%
Les parlements sont obligés d'enregistrer avant de remonter 1673
6%
Guerre de la Ligue d'Augsbourg (Traité de Ryswick 1697) 1689
6%
Guerre de succession d'Espagne( (Traité d'Utrecht, 1713), Révolte des Camisards dans les Cévennes 1702
6%
Crise démographique, Défaite militaire, Sursaut national 1709
6%
Création de la banque de Law 1716
6%
Guerre des farines 1775
6%
Guerre de l'indépendance américaine (Traité de Versailles, 1783) 1778
6%
Guerre de Dévolution (Traité d'Aix la Chapelle, 1668) 1667
4%
Guerre de Hollande (Traité de Nimègue 1678) 1672
4%
Déclaration des Quatre articles gallicans, Installation à Versailles 1682
4%
La plus grave crise démographique des Temps modernes 1693
4%
Grandes remontrances du parlement de Paris, Exil 1753
4%
Attentat de Damiens contre le roi 1757
4%
L'affaire de Bretagne : Démission du parlement de Rennes 1765
4%
Compte rendu au Roi de Necker, suivi de sa démission 1781
4%
Traité de commerce franco anglais 1786
4%
Renvoi de Calonne, appel de Loménie de Brienne, Création d'un état civil pour les protestants 1787
4%
Dernières grandes révoltes en Bretagne et à Bordeaux 1675
2%
Apogée de l'hégémonie française en Europe 1684
2%
Mort de Fleury, Gouvernement personnel de Louis XV 1743
2%
Création de la capitation 1695
0%
Le cardinal de Fleury, principal ministre, Stabilisation de la livre 1726
0%
Déclaration royale faisant de la bulle une loi d'Etat 1730
0%
Guerre de succession de Pologne (Traité de Vienne, 1738) 1733
0%
Entrée dans la guerre de succession d'Autriche (Traité d'Aix-la-Chapelle, 1748) 1741
0%
Création de l'impôt du vingtième 1749
0%
Rappel du parlement et interdiction de parler de la bulle Unigenitus 1754
0%
Appel de Choiseul comme ministre principal 1758
0%
Lit de justice au parlement pour un troisième vingtième 1761
0%
Du contrat social ou des principes du droit politique de Rousseau 1762
0%
Edit royal sur la libre exportation des gains, Dictionnaire philosophique de Voltaire, Expulsion des jésuites du royaume 1764
0%
Discours de la flagellation 1766
0%
Réforme Maupeou sur l'administration de la justice 1771
0%
Avènement de Luis XVI, Turgot, contrôleur général, Rétablissement du parlement de Paris 1774
0%
Aucun quiz correspondant
Distribution des résultats
% des personnes avec chaque résultat
Percentile par nombre de réponses
Votre historique - résultats
Vous n’avez pas pris ce quiz